000
00333 a2200109 4500
001
ART_50239
005
20260410161757.0
008
260409a
245
1
0
_a
Aspectos controvertidos del ajuste por inflación impositivo
100
1
_a
Volman, Mario
773
0
_t
Doctrina tributaria
_g
- N°477 (dic. 2019)
_w
REV4296
999
_c
20267
_d
20267